000 00495nam a22001217a 4500
999 _c21527
_d21527
008 240912b ||||| |||| 00| 0 eng d
100 _aDugay, Ronalyn G.
_eauthor.
_960795
245 _aJoint force of teacher and parent in enhancing the pupils' educational attainment /
_cRonalyn G. Dugay.
260 _aPhilippines;
_bPublishers Association of the Philippines, Inc.,
_cDecember 2019.
300 _aVolume 168, pages 246-247.
700 _aDugay, Ronalyn G.
_eauthor.
_960795
942 _2ddc
_cPER